Citrus Fruits by Picture - Statistics

General Stats
  • This quiz has been taken 558 times
    109 since last reset
  • The average score is 8 of 15
Answer Stats
Picture Answer % Correct
{lemon}
98%
{grapefruit}
89%
{blood} orange
87%
{mandarin} orange
76%
{tangerine}
71%
{Key} lime
60%
{kumquat}
53%
{clementine}
52%
{pomelo}
46%
{bitter} orange
31%
{Buddha}'s hand
28%
{citron}
21%
{sweet} orange
19%
{kaffir} lime
14%
{Persian} lime
12%
No matching quizzes found
Score Distribution
Percent of People with Each Score
Percentile by Number Answered
Your Score History
You have not taken this quiz since the last reset